<?xml version="1.0" encoding="UTF-8"?>
<collection xmlns="http://www.loc.gov/MARC21/slim">
 <record>
  <leader>05205nam a22005175i 4500</leader>
  <controlfield tag="001">978-1-4614-5547-9</controlfield>
  <controlfield tag="003">DE-He213</controlfield>
  <controlfield tag="005">20210620005723.0</controlfield>
  <controlfield tag="007">cr nn 008mamaa</controlfield>
  <controlfield tag="008">130131s2013    xxu|    s    |||| 0|eng d</controlfield>
  <datafield tag="020" ind1=" " ind2=" ">
   <subfield code="a">9781461455479</subfield>
   <subfield code="9">978-1-4614-5547-9</subfield>
  </datafield>
  <datafield tag="024" ind1="7" ind2=" ">
   <subfield code="a">10.1007/978-1-4614-5547-9</subfield>
   <subfield code="2">doi</subfield>
  </datafield>
  <datafield tag="050" ind1=" " ind2="4">
   <subfield code="a">BF61</subfield>
  </datafield>
  <datafield tag="072" ind1=" " ind2="7">
   <subfield code="a">JMK</subfield>
   <subfield code="2">bicssc</subfield>
  </datafield>
  <datafield tag="072" ind1=" " ind2="7">
   <subfield code="a">PSY003000</subfield>
   <subfield code="2">bisacsh</subfield>
  </datafield>
  <datafield tag="072" ind1=" " ind2="7">
   <subfield code="a">JMK</subfield>
   <subfield code="2">thema</subfield>
  </datafield>
  <datafield tag="082" ind1="0" ind2="4">
   <subfield code="a">150</subfield>
   <subfield code="2">23</subfield>
  </datafield>
  <datafield tag="245" ind1="1" ind2="0">
   <subfield code="a">Applied Issues in Investigative Interviewing, Eyewitness Memory, and Credibility Assessment</subfield>
   <subfield code="h">[electronic resource] /</subfield>
   <subfield code="c">edited by Barry S. Cooper, Dorothee Griesel, Marguerite Ternes.</subfield>
  </datafield>
  <datafield tag="250" ind1=" " ind2=" ">
   <subfield code="a">1st ed. 2013.</subfield>
  </datafield>
  <datafield tag="264" ind1=" " ind2="1">
   <subfield code="a">New York, NY :</subfield>
   <subfield code="b">Springer New York :</subfield>
   <subfield code="b">Imprint: Springer,</subfield>
   <subfield code="c">2013.</subfield>
  </datafield>
  <datafield tag="300" ind1=" " ind2=" ">
   <subfield code="a">XXII, 349 p. 19 illus.</subfield>
   <subfield code="b">online resource.</subfield>
  </datafield>
  <datafield tag="336" ind1=" " ind2=" ">
   <subfield code="a">text</subfield>
   <subfield code="b">txt</subfield>
   <subfield code="2">rdacontent</subfield>
  </datafield>
  <datafield tag="337" ind1=" " ind2=" ">
   <subfield code="a">computer</subfield>
   <subfield code="b">c</subfield>
   <subfield code="2">rdamedia</subfield>
  </datafield>
  <datafield tag="338" ind1=" " ind2=" ">
   <subfield code="a">online resource</subfield>
   <subfield code="b">cr</subfield>
   <subfield code="2">rdacarrier</subfield>
  </datafield>
  <datafield tag="347" ind1=" " ind2=" ">
   <subfield code="a">text file</subfield>
   <subfield code="b">PDF</subfield>
   <subfield code="2">rda</subfield>
  </datafield>
  <datafield tag="505" ind1="0" ind2=" ">
   <subfield code="a">The challenge for forensic memory research: Methodolotry -- Credibility assessment, common law trials, and fuzzy logic -- The investigation and investigative interviewing of benefit fraud suspects in the UK: Historical and contemporary perspectives -- The sins of interviewing: Errors made by investigative interviewers and suggestions for redress -- Biopsychosocial perspectives on memory variability in eyewitnesses -- Children’s memory in “scientific case studies” of child sexual abuse: A review -- Does testimonial inconsistency indicate memory inaccuracy and deception? Beliefs, empirical research, and theory -- Repeated interviews about repeated trauma from the distant past: A study of report consistency -- Discovering deceit: Applying laboratory and field research in the search for truthful and deceptive behaviour -- Is le mot juste? The contexualization of words by expert lie detectors -- Assessment criteria indicative of deception (ACID): An example of the new paradigm of differential recall enhancement -- The ABC’s of CBCA: Verbal credibility assessment in practice -- An “eye” for an “I”: The challenges and opportunities for spotting credibility in a digital world.</subfield>
  </datafield>
  <datafield tag="520" ind1=" " ind2=" ">
   <subfield code="a">Victims. Witnesses. Suspects. Answers to an interviewer’s questions may mean the diﬀerence between prison or freedom, custody or loss, justice served or justice miscarried–outcomes that depend on expert decision-making as much as on the answers themselves. Meticulously researched and reasoned by an international panel of experts from across the criminal justice ﬁelds, Applied Issues in Investigative Interviewing, Eyewitness Memory, and Credibility Assessment illustrates areas and strategies for improvement in this complex legal arena. The book begins by arguing for the need for ﬁeld research in studying eyewitness memory, and subsequent chapters bear this out ably in issues such as biopsychosocial phenomena of memory, why inconsistent testimony may not necessarily equal deceit, and the challenges and opportunities digital technology poses in evaluating truthfulness. Throughout, the book’s theories, critiques, models, and tools are informed not only by the behavioral sciences but by the real-world experience of law enforcement and judicial professionals. Among the topics covered: • Credibility assessment, common law trials, and fuzzy logic. • Errors made by investigative interviewers and suggestions for redress. • Children’s memory in “scientiﬁc case studies” of child sexual abuse. • Repeated interviews about repeated trauma from the distant past. • The contextualization of words by expert lie detectors. Applied Issues in Investigative Interviewing, Eyewitness Memory, and Credibility Assessment will ﬁnd an interested audience among investigative interviewers, law enforcement professionals, clinical and forensic psychologists, lawyers, and judges looking to integrate more substantial psychological knowledge into this critical area of legal practice.</subfield>
  </datafield>
  <datafield tag="650" ind1=" " ind2="0">
   <subfield code="a">Psychology.</subfield>
  </datafield>
  <datafield tag="650" ind1=" " ind2="0">
   <subfield code="a">Criminology.</subfield>
  </datafield>
  <datafield tag="650" ind1=" " ind2="0">
   <subfield code="a">Criminal law.</subfield>
  </datafield>
  <datafield tag="650" ind1="1" ind2="4">
   <subfield code="a">Law and Psychology.</subfield>
   <subfield code="0">https://scigraph.springernature.com/ontologies/product-market-codes/Y34000</subfield>
  </datafield>
  <datafield tag="650" ind1="2" ind2="4">
   <subfield code="a">Criminology and Criminal Justice, general.</subfield>
   <subfield code="0">https://scigraph.springernature.com/ontologies/product-market-codes/1B0000</subfield>
  </datafield>
  <datafield tag="650" ind1="2" ind2="4">
   <subfield code="a">Criminal Law and Criminal Procedure Law.</subfield>
   <subfield code="0">https://scigraph.springernature.com/ontologies/product-market-codes/R13006</subfield>
  </datafield>
  <datafield tag="700" ind1="1" ind2=" ">
   <subfield code="a">Cooper, Barry S.</subfield>
   <subfield code="e">editor.</subfield>
   <subfield code="4">edt</subfield>
   <subfield code="4">http://id.loc.gov/vocabulary/relators/edt</subfield>
  </datafield>
  <datafield tag="700" ind1="1" ind2=" ">
   <subfield code="a">Griesel, Dorothee.</subfield>
   <subfield code="e">editor.</subfield>
   <subfield code="4">edt</subfield>
   <subfield code="4">http://id.loc.gov/vocabulary/relators/edt</subfield>
  </datafield>
  <datafield tag="700" ind1="1" ind2=" ">
   <subfield code="a">Ternes, Marguerite.</subfield>
   <subfield code="e">editor.</subfield>
   <subfield code="4">edt</subfield>
   <subfield code="4">http://id.loc.gov/vocabulary/relators/edt</subfield>
  </datafield>
  <datafield tag="710" ind1="2" ind2=" ">
   <subfield code="a">SpringerLink (Online service)</subfield>
  </datafield>
  <datafield tag="773" ind1="0" ind2=" ">
   <subfield code="t">Springer Nature eBook</subfield>
  </datafield>
  <datafield tag="776" ind1="0" ind2="8">
   <subfield code="i">Printed edition:</subfield>
   <subfield code="z">9781489990495</subfield>
  </datafield>
  <datafield tag="776" ind1="0" ind2="8">
   <subfield code="i">Printed edition:</subfield>
   <subfield code="z">9781461455462</subfield>
  </datafield>
  <datafield tag="776" ind1="0" ind2="8">
   <subfield code="i">Printed edition:</subfield>
   <subfield code="z">9781461455486</subfield>
  </datafield>
  <datafield tag="856" ind1="4" ind2="0">
   <subfield code="u">https://doi.org/10.1007/978-1-4614-5547-9</subfield>
  </datafield>
  <datafield tag="912" ind1=" " ind2=" ">
   <subfield code="a">ZDB-2-BHS</subfield>
  </datafield>
  <datafield tag="912" ind1=" " ind2=" ">
   <subfield code="a">ZDB-2-SXBP</subfield>
  </datafield>
  <datafield tag="950" ind1=" " ind2=" ">
   <subfield code="a">Behavioral Science (SpringerNature-11640)</subfield>
  </datafield>
  <datafield tag="950" ind1=" " ind2=" ">
   <subfield code="a">Behavioral Science and Psychology (R0) (SpringerNature-43718)</subfield>
  </datafield>
 </record>
</collection>
